| 000 | 00750nam a2200229 4500 | ||
|---|---|---|---|
| 003 | OSt | ||
| 005 | 20260530113909.0 | ||
| 008 | 260421b1995 mx a|||| |||| 00| 0 esp d | ||
| 020 | _a968810518X | ||
| 040 |
_aICI _bspa _cICI |
||
| 050 | 4 |
_aJX173 _bD43 |
|
| 100 | 1 |
_aImágenes de la Diplomacia Mexicana 1910-1930 _933211 |
|
| 245 | 1 | 0 |
_aDe cara al mundo : _bimágenes de la diplomacia mexicana 1910-1930 |
| 264 | 1 |
_bSecretaria de Relaciones Exteriores, _c1995 _aMéxico : |
|
| 300 | _a166 páginas | ||
| 336 |
_atexto _2rdacontent |
||
| 337 |
_asin medio _2rdamedia |
||
| 338 |
_avolumen _2rdacarrier |
||
| 651 | 4 |
_aMéxico _xServicio diplomatico y consular _933212 |
|
| 710 | 1 |
_aMéxico _bSecretaría de Relaciones Exteriores _933213 |
|
| 942 |
_2lcc _cBK |
||
| 999 |
_c12078 _d12078 |
||